LIBRARY & INFORMATION CENTRE, KCAET, TAVANUR

ONLINE PUBLIC ACCESS CATALOGUE (OPAC)

Reinforced Concrete (Record no. 14330)

MARC details
000 -LEADER
fixed length control field 00301nam a22001337a 4500
020 ## - INTERNATIONAL STANDARD BOOK NUMBER
ISBN 8185240795
082 ## - DEWEY DECIMAL CLASSIFICATION NUMBER
Classification number 624.18341
Item number JAI/RE
100 ## - MAIN ENTRY--AUTHOR NAME
Personal name Jain, Ashok,K
245 ## - TITLE STATEMENT
Title Reinforced Concrete
250 ## - EDITION STATEMENT
Edition statement 6
260 ## - PUBLICATION, DISTRIBUTION, ETC. (IMPRINT)
Place of publication Roorkee
Name of publisher Nem Chand & Bros, Roorkee
Year of publication 2007
300 ## - PHYSICAL DESCRIPTION
Number of Pages 872
942 ## - ADDED ENTRY ELEMENTS (KOHA)
Koha item type Books
Holdings
Withdrawn status Lost status Damaged status Collection code Home library Current library Shelving location Date acquired Source of acquisition Cost, normal purchase price Full call number Accession Number Koha item type
        KAUAET KAUAET General Stacks 16/06/2016 Aman Book Stall Calicut 300.00 624.18341 JAI/RE 24629 Books
free website counter